000 00460nam a2200181Ia 4500
008 191130s2009##################000#0#eng##
020 _a9780415555777
040 _aACL
_cACL
082 _a320.15 WAR.37
100 _aPaul Ward
245 _aSovereignty
_cPaul Ward
260 _aNew York
_bTaylor & Francis
_cc2009
300 _a201p. 24cm
650 _aSovereignty
990 _ac487c6dcac10000c0aa384d087ef5075
991 _a357957
999 _c290463
_d290463